<?xml version='1.0' encoding='UTF-8'?><?xml-stylesheet href='static/style.xsl' type='text/xsl'?><OAI-PMH xmlns="http://www.openarchives.org/OAI/2.0/" xmlns:xsi="http://www.w3.org/2001/XMLSchema-instance" xsi:schemaLocation="http://www.openarchives.org/OAI/2.0/ http://www.openarchives.org/OAI/2.0/OAI-PMH.xsd"><responseDate>2026-05-01T08:28:54Z</responseDate><request verb="GetRecord" identifier="oai:ebiltegia.mondragon.edu:20.500.11984/4171" metadataPrefix="marc">https://ebiltegia.mondragon.edu/oai/request</request><GetRecord><record><header><identifier>oai:ebiltegia.mondragon.edu:20.500.11984/4171</identifier><datestamp>2024-01-04T21:56:54Z</datestamp><setSpec>com_20.500.11984_1736</setSpec><setSpec>com_20.500.11984_1627</setSpec><setSpec>col_20.500.11984_1972</setSpec></header><metadata><record xmlns="http://www.loc.gov/MARC21/slim" xmlns:dcterms="http://purl.org/dc/terms/" xmlns:xsi="http://www.w3.org/2001/XMLSchema-instance" xmlns:doc="http://www.lyncode.com/xoai" xsi:schemaLocation="http://www.loc.gov/MARC21/slim http://www.loc.gov/standards/marcxml/schema/MARC21slim.xsd">
   <leader>00925njm 22002777a 4500</leader>
   <datafield ind2=" " ind1=" " tag="042">
      <subfield code="a">dc</subfield>
   </datafield>
   <datafield ind2=" " ind1=" " tag="720">
      <subfield code="a">Mondragon Unibertsitatea</subfield>
      <subfield code="e">author</subfield>
   </datafield>
   <datafield ind2=" " ind1=" " tag="260">
      <subfield code="c">2015-02-09</subfield>
   </datafield>
   <datafield ind2=" " ind1=" " tag="520">
      <subfield code="a">Oraingo asteko ostegunean, hilak 12, graduko ikasle berriei zuzendutako ate irekiak prestatu ditu Humanitate eta Hezkuntza Zientzien Fakultateak.  Saioak hasiko dira 18:00etan, eta egingo dira fakultateko bi campusetan: Eskoriatzan eta Aretxabaletan. Saio horietan emango da informazio zehatza Hezkuntza eta Ikus-entzunezko Komunikazioa graduei buruz. Oraindik aukera dago izena eman eta ate irekietara etortzeko.</subfield>
   </datafield>
   <datafield ind2=" " ind1=" " tag="520">
      <subfield code="a">El próximo jueves, día 12, se celebrarán en los dos campus de la Facultad de Humanidades y Ciencias de la Educación sendas jornadas de puertas abiertas dirigidas a los futuros estudiantes de Educación y Comunicación audiovisual. Las jornadas de puertas abiertas comenzarán a las 18:00 hora y se llevarán a cabo en los campus de Eskoriatza y Aretxabaleta. Los interesados aun están a tiempo de inscribirse y participar en estas jornadas.</subfield>
   </datafield>
   <datafield ind1="8" ind2=" " tag="024">
      <subfield code="a">https://hdl.handle.net/20.500.11984/4171</subfield>
   </datafield>
   <datafield tag="653" ind2=" " ind1=" ">
      <subfield code="a">Humanitate eta Hezkuntza Zientzien Fakultatea</subfield>
   </datafield>
   <datafield ind2="0" ind1="0" tag="245">
      <subfield code="a">Ostegunean, hilak 12, graduko ikasle berriei zuzendutako ate irekiak egingo dira Humanitate eta Hezkuntza Zientzien Fakultatean</subfield>
   </datafield>
   <datafield ind2="0" ind1="0" tag="245">
      <subfield code="a">El jueves, día 12,  jornada de puertas abiertas dirigida a los futuros estudiantes de Educación y Comunicación audiovisual</subfield>
   </datafield>
</record></metadata></record></GetRecord></OAI-PMH>